000 00962nam a22003497a 4500
001 BR0601231
003 BR-BrBNA
005 20230928102109.0
007 ta
008 230509b bl.||||| |||| 00| 0 por d
040 _aBR-BrBNA
_bpor
_cBiblioteca Nacional de Agricultura
041 _a(Por)
072 _aE14; E50
090 _ E14 BR0601231
100 1 _aDias, W.
110 1 _aCâmara dos Deputados, Brasília, DF (Brasil). Centro de Documentação e Informação
_91315
245 1 _aPrograma permanente de convivência com o semi-árido
250 1 _a2. ed
260 3 _aBrasília, DF (Brasil):
_c2001.
300 _a48 p.
500 _a31 illus.
650 _aSECA
650 _aMICROBACIA
650 _aPRODUTIVIDADE
650 _aPROJETO DE DESENVOLVIMENTO
650 _aCUSTO
650 _aPROJETO DE LEI
650 _aCAPTAÇÃO D'ÁGUA
650 _aÁGUAS PLUVIAIS
909 _a202309
_bLucia
_c55
_dLucia Elande
942 _cBK
999 _c69129
_d69129